Data structures and software development in an onject oriented domain / (Record no. 190446)
[ view plain ]
| 000 -LEADER | |
|---|---|
| fixed length control field | 01009nam a2200277Ia 4500 |
| 005 - DATE AND TIME OF LATEST TRANSACTION | |
| control field | 20241108093554.0 |
| 008 - FIXED-LENGTH DATA ELEMENTS--GENERAL INFORMATION | |
| fixed length control field | 210716s2009 xx 000 0 und d |
| 020 ## - INTERNATIONAL STANDARD BOOK NUMBER | |
| International Standard Book Number | 9788131711477 |
| 040 ## - CATALOGING SOURCE | |
| Transcribing agency | AIMIT LIBRARY |
| 041 ## - LANGUAGE CODE | |
| Language code of text/sound track or separate title | eng |
| 082 ## - DEWEY DECIMAL CLASSIFICATION NUMBER | |
| Classification number | 005.73 |
| Edition number | 1 |
| Item number | TREJ |
| 100 ## - MAIN ENTRY--PERSONAL NAME | |
| Personal name | Tremblay, Jean Paul. |
| 9 (RLIN) | 46093 |
| 245 ## - TITLE STATEMENT | |
| Title | Data structures and software development in an onject oriented domain / |
| Statement of responsibility, etc. | By Jean Paul Tremblay and Grant A. Cheston. |
| 250 ## - EDITION STATEMENT | |
| Edition statement | 1st ed. |
| 260 ## - PUBLICATION, DISTRIBUTION, ETC. | |
| Place of publication, distribution, etc. | New Delhi : |
| Name of publisher, distributor, etc. | Pearson Education , |
| Date of publication, distribution, etc. | 2009 . |
| 300 ## - PHYSICAL DESCRIPTION | |
| Extent | xxviii, 1169p. ; |
| Dimensions | 24 cm. |
| 650 ## - SUBJECT ADDED ENTRY--TOPICAL TERM | |
| Topical term or geographic name entry element | Abstract data types and their implementation |
| 9 (RLIN) | 46094 |
| 650 ## - SUBJECT ADDED ENTRY--TOPICAL TERM | |
| Topical term or geographic name entry element | Queues and priority queues |
| 9 (RLIN) | 46095 |
| 650 ## - SUBJECT ADDED ENTRY--TOPICAL TERM | |
| Topical term or geographic name entry element | Elementary problem modeling and system design |
| 9 (RLIN) | 184555 |
| 650 ## - SUBJECT ADDED ENTRY--TOPICAL TERM | |
| Topical term or geographic name entry element | Software testing |
| 9 (RLIN) | 184556 |
| 650 ## - SUBJECT ADDED ENTRY--TOPICAL TERM | |
| Topical term or geographic name entry element | Bags sets and dictionaries |
| 9 (RLIN) | 184557 |
| 650 ## - SUBJECT ADDED ENTRY--TOPICAL TERM | |
| Topical term or geographic name entry element | Greedy algorithms |
| 9 (RLIN) | 184558 |
| 650 ## - SUBJECT ADDED ENTRY--TOPICAL TERM | |
| Topical term or geographic name entry element | Augumenting data structure |
| 9 (RLIN) | 184559 |
| 700 ## - ADDED ENTRY--PERSONAL NAME | |
| Personal name | Cheston, Grant A. |
| 9 (RLIN) | 46096 |
| 942 ## - ADDED ENTRY ELEMENTS (KOHA) | |
| Source of classification or shelving scheme | Dewey Decimal Classification |
| Koha item type | Book |
| Edition | 1st |
| Call number prefix | 005.73 TREJ |
| Withdrawn status | Lost status | Source of classification or shelving scheme | Damaged status | Not for loan | Collection code | Home library | Current library | Source of acquisition | Cost, normal purchase price | Inventory number | Total Checkouts | Full call number | Barcode | Date last seen | Cost, replacement price | Price effective from | Koha item type |
|---|---|---|---|---|---|---|---|---|---|---|---|---|---|---|---|---|---|
| Dewey Decimal Classification | MCA | St Aloysius Institute of Management & Information Technology | St Aloysius Institute of Management & Information Technology | Gangarams Book Bureau | 495.00 | Bill no:3753; Bill dt:2004-06-07 | 005.73 TREJ | MCA05918 | 05/23/2026 | 445.50 | 07/16/2021 | Book | |||||
| Dewey Decimal Classification | MCA | St Aloysius Institute of Management & Information Technology | St Aloysius Institute of Management & Information Technology | Knowledge World | 725.00 | Bill no:703; Bill dt:2010-07-29 | 005.73 TREJ | MCA09954 | 05/23/2026 | 543.75 | 07/16/2021 | Book | |||||
| Dewey Decimal Classification | MCA | St Aloysius Institute of Management & Information Technology | St Aloysius Institute of Management & Information Technology | Athulya Books | 760.00 | Bill no:ABK 595; Bill dt:2011-10 | 005.73 TREJ | MCA11493 | 05/23/2026 | 570.00 | 07/16/2021 | Book |